000 00453nam a2200169 a 4500
005 20140310183436.0
008 080304s19uu xx 00 eng d
020 _a0743412354
050 _aPZ 7
_b.J11 2001
100 _aJablonski, Carla
245 _aCharmed :
_bthe gypsy enchantment. /
_cCarla Jablonski.
260 _aNew York :
_bPocket Pulse,
_c2001.
300 _a181 p. :
_c18 cm.
650 _aFiction.
942 _cBK
_2lcc
999 _c22917
_d22917